000
00267nam a2200097Ia 4500
082
_a
600 RID
245
0
_a
Big and busy where things come from
100
_a
Edwards, Hermione New York, 2009
_9
78718
942
_c
BK
008
210817s9999 xx 000 0 und d
999
_c
272553
_d
272552